000 00975nam a2200217Ia 4500
999 _c40036
_d40036
001 6642
003 GE_BSU
005 20191202115328.0
008 181216s2013||||ge |||||||||||||| ||geo||
040 _cGE_BSU
041 _ageo
080 _a1(479.22) ფ-56
245 _aფილოსოფიური ძიებანი = PHILOSOPHICAL INVESTIGATIONS :
_bკრებული მეჩვიდმეტე [წელიწდეული] /
_cრედ. სერგი ავალიანი.
264 _aთბილისი :
_bუნივერსალი,
_c2013.
300 _a370 გვ.;
_b20 სმ.
653 _aფილოსოფია
653 _aწელიწდეული
700 _aავალიანი, სერგი
_eრედაქტორი
_9356
710 _aსაქართველოს ფილოსოფიურ მეცნიერებათა აკადემია
_9222
942 _cBK
_2udc